000 03238cam a2200505 i 4500
003 SA-RiAUC
005 20250922065142.0
008 250919s1988 mr g 000 0 ara c
040 _aSA-RiAUC
_bara
_cSA-RiAUC
_erda
043 _af-mr---
082 0 4 _a964.32
090 _a964.32
_bب ن غ
100 1 _aبن غازي، محمد بن أحمد بن محمد،
_d841-919 هجري
_eمؤلف.
245 1 2 _aالروض الهتون في أخبار مكناسة الزيتون /
_cتأليف محمد بن غازي العثماني ؛ تحقيق عبد الوهاب بن منصور.
250 _aالطبعة الثانية.
264 1 _a[مكان النشر غير محدد] :
_b[الناشر غير محدد]،
_c1988
264 3 _aالرباط :
_bالمطبعة الملكية
300 _a72 صفحة ؛
_c24 سم
336 _aنص
_btxt
_2rdacontent
_3كتاب
337 _aبدون وسيط
_bn
_2rdamedia
338 _aمجلد
_bnc
_2rdacarrier
651 7 _aمكناس (المغرب)
_xسياسة وحكومة
_2aucsh
651 7 _aالمغرب
_xتاريخ
_2aucsh
651 7 _aمكناس (المغرب)
_xتاريخ
_2aucsh
651 7 _aمكناس (المغرب)
_xأحوال اقتصادية
_2aucsh
653 _aكتابة التاريخ.
653 _aHISTORIOGRAPHIE.
653 _aHISTOIRE ECONOMIQUE.
653 _aالتاريخ الإقتصادي.
653 _aHISTOIRE SOCIALE.
653 _aالتاريخ الإجتماعي.
653 _aVIE POLITIQUE.
653 _aالحياة السياسية.
653 _aالعلماء.
653 _aSAVANT.
653 _aمكناس.
653 _aMEKNES.
653 _aالمغرب.
653 _aMAROC.
700 1 _aبن منصور، عبد الوهاب،
_d1920-2008
_eمحقق.
856 _uhttp://dlib.nyu.edu/aco/book/nyu_aco001487/1?lang=ar
_yDigital Copy
_2 نرجو الانتباه لإمكانية وجود اختلاف في الطبعة أو الناشر بين البيانات على البوابة وما ستجده على الكتاب نظرا لمحدودية المعلومات المتاحة على الموقع الناشر للمادة.
_3Please note that there may be a difference in the edition or publisher between the data on the portal and the book due to the limited information available on the publisher website for the material.
856 _uhttp://dl-img.home.nyu.edu/adore-djatoka/resolver?url_ver=Z39.88-2004&svc_id=info%3Alanl-repo/svc/getRegion&svc_val_fmt=info%3Aofi/fmt%3Akev%3Amtx%3Ajpeg2000&svc.format=image/jpeg&rft_id=http%3A//dlib.nyu.edu/files/books/nyu_aco001487/nyu_aco001487_afr01_d.jp2&svc.scale=230
_yCoverImage
_2 نرجو الانتباه لإمكانية وجود اختلاف في الطبعة أو الناشر بين البيانات على البوابة وما ستجده على الكتاب نظرا لمحدودية المعلومات المتاحة على الموقع الناشر للمادة.
_3Please note that there may be a difference in the edition or publisher between the data on the portal and the book due to the limited information available on the publisher website for the material.
942 _2ddc
_cBOOK
_n0
949 _aSA-JeALM
_d250919
_umohamedma123
_n1
999 _c11980
_d11980